000 006740000a22002290004500
003 LK-CoMWRAF
005 20230923104217.0
008 230817t2002 ||||| |||| 00| 0 eng d
040 _aLK-CoMWRAF
_dLK-CoMWRAF
_eLK-CoMWRAF
041 _aeng
082 _a297
_bGHA
100 _aGhadanfar, Mahmood Ahmad
245 _aGreat Women of Islam:
_bwho were given the good news of Paradise
260 _aRiyadh,
_bDarussalam,
_c2002
300 _a272 p.
650 _aWOMEN-Islam
700 _aQawi, Jamila Muhammad
_etrans.
700 _aSapra, Muhammad Ayub
_eed.
700 _aFarooq, Muhammad
_eed.
856 _uhttps://files2.shewaya.com/files/67868.pdf
942 _cBK
999 _c989
_d989